Get the Picture: London Underground or Pokémon Town? Quiz Stats

 Plays Quiz Updated Apr 14, 2019

Score 0/16 Timer 03:00
1 Play Today
Question Answer Wrong Answers
Cockfosters London Underground
89.1%
Pokémon Town
8.1%
Canary Wharf London Underground
87.9%
Pokémon Town
9.6%
Edgware London Underground
87.2%
Pokémon Town
10.1%
Epping London Underground
84.2%
Pokémon Town
13.2%
Lavaridge Pokémon Town
84%
London Underground
13.5%
Lilycove Pokémon Town
83.6%
London Underground
13.8%
Osterley London Underground
82.4%
Pokémon Town
14.9%
Mahogany Pokémon Town
81.5%
London Underground
16.2%
Plaistow London Underground
78.3%
Pokémon Town
19%
Fallarbor Pokémon Town
76.9%
London Underground
20.6%
Rustboro Pokémon Town
76.5%
London Underground
20.7%
Cherrygrove Pokémon Town
71.5%
London Underground
26%
Virbank Pokémon Town
71.1%
London Underground
26.3%
Mistralton Pokémon Town
69.8%
London Underground
27.7%
Perivale London Underground
61.8%
Pokémon Town
35.7%
Fairlop London Underground
59.3%
Pokémon Town
38.3%

Today's Daily Dose

Missing Word
1940s A-Z

Quick Pick
'S' Athletes

Get the Picture
Depp or Bonham Carter

You're not logged in!

Compare scores with friends on all Sporcle quizzes.
OR
Log In

Sporcle TV

Today on Sporcle TV


Watch our educational content, quiz creation guides, and fun videos on Sporcle TV.

Show Comments

Extras

Top Quizzes Today


Score Distribution

Your Account Isn't Verified!

In order to create a playlist on Sporcle, you need to verify the email address you used during registration. Go to your Sporcle Settings to finish the process.

Report this User

Report this user for behavior that violates our Community Guidelines.

Details: